[Event "ICS rated blitz match"]
[Site "204.178.125.65"]
[Date "2000.06.18"]
[Round "?"]
[White "Hossa"]
[Black "QueenMaxima"]
[Result "1-0"]
[WhiteElo "2387"]
[BlackElo "2556"]
[PlyCount "281"]
[EventDate "2000.??.??"]

1. e4 e5 2. Nf3 Nc6 3. Bc4 Nf6 4. Ng5 d5 5. exd5 Na5 6. Bb5+ c6 7. dxc6 bxc6 8.
Qf3 Rb8 9. Bd3 h6 10. Ne4 Nd5 11. O-O Nb4 12. Re1 Nxd3 13. cxd3 Be6 14. Qg3 f6
15. f4 exf4 16. Qxf4 Kf7 17. Qf2 Qc7 18. d4 Nb7 19. Nc5 Nxc5 20. dxc5 Rb4 21.
Nc3 Qf4 22. Qxf4 Rxf4 23. Ne4 Bd5 24. Nd6+ Bxd6 25. cxd6 Be6 26. b3 Rd4 27. Ba3
Rxd2 28. Bc5 Bd5 29. Re7+ Kg6 30. Bf2 Rd8 31. Rxa7 Rxd6 32. Re7 Rd8 33. Ra7 Re8
34. g4 Ree2 35. Be1 Rg2+ 36. Kf1 Rb2 37. Bg3 Be4 38. Rd1 Rxa2 39. Rxa2 Rxa2 40.
Bf2 Bd5 41. Rd3 Rb2 42. Rc3 h5 43. gxh5+ Kxh5 44. Rh3+ Kg6 45. Rg3+ Kf7 46. Rc3
Ke6 47. h4 g6 48. Ke1 Kf5 49. Bd4 Rb1+ 50. Kd2 Rf1 51. Ke2 Rh1 52. Bf2 Ra1 53.
Bd4 Ra2+ 54. Ke1 Rh2 55. Bf2 Be4 56. Re3 Rh1+ 57. Kd2 Ra1 58. Re2 Bf3 59. Re3
Ra2+ 60. Ke1 Bd5 61. Rc3 Ke5 62. Rd3 Ke6 63. Re3+ Kf7 64. Kf1 Rb2 65. Rc3 Be4
66. Re3 f5 67. Rg3 Bd5 68. Rc3 Rb1+ 69. Be1 f4 70. b4 Kf6 71. Rc2 Kf5 72. Rc5
Ke4 73. Rc2 Ke3 74. Rc3+ Kd4 75. Rc2 Be4 76. Rd2+ Bd3+ 77. Kf2 Ra1 78. Rb2 f3
79. Rb3 Ke4 80. Rb2 Ra3 81. Bd2 Bb5 82. Kg3 Ra1 83. Bg5 Rg1+ 84. Kh2 Rf1 85.
Kg3 Bd3 86. Kh3 Rh1+ 87. Kg3 Rg1+ 88. Kh2 Ra1 89. Kh3 Ra7 90. Kg3 Ra4 91. Bf6
Ra6 92. Kf2 c5 93. Bc3 c4 94. b5 Rb6 95. Ba5 Rb7 96. b6 Be2 97. Rb5 Kd4 98. Rg5
c3 99. Rxg6 c2 100. Bd2 Re7 101. Rd6+ Kc5 102. Rf6 Kd5 103. h5 Re8 104. b7 Rb8
105. Rb6 Kc5 106. Be3+ Kd5 107. h6 Bd3 108. Kxf3 Be4+ 109. Kf4 Rf8+ 110. Kg5
Rb8 111. Rb4 Bh7 112. Bf4 Kc5 113. Rb3 Kc4 114. Rb2 Kd3 115. Kf6 Rf8+ 116. Kg7
Rxf4 117. b8=Q c1=Q 118. Kxh7 Qc4 119. Qb3+ Qxb3 120. Rxb3+ Kc4 121. Rg3 Rd4
122. Kh8 Rd8+ 123. Rg8 Rd7 124. h7 Kd4 125. Re8 Rd5 126. Kg7 Rh5 127. Kg6 Rh4
128. h8=Q+ Rxh8 129. Rxh8 Ke4 130. Rd8 Ke5 131. Kg5 Ke4 132. Kf6 Kf4 133. Re8
Kg3 134. Kg5 Kf3 135. Re7 Kg3 136. Rf7 Kh3 137. Kf4 Kg2 138. Kg4 Kh2 139. Kf3
Kh1 140. Kf2 Kh2 141. Rh7# 1-0

[Event "ICS rated blitz match"]
[Site "204.178.125.65"]
[Date "2000.06.18"]
[Round "?"]
[White "Amateur"]
[Black "Hossa"]
[Result "1-0"]
[WhiteElo "2555"]
[BlackElo "2410"]
[PlyCount "139"]
[EventDate "2000.??.??"]

1. e4 c5 2. Nc3 Nc6 3. f4 e6 4. Bc4 Nge7 5. Nf3 d5 6. Bb5 d4 7. Ne2 a6 8. Bd3
Nb4 9. O-O Nec6 10. b3 Nxd3 11. cxd3 Qa5 12. a4 Be7 13. Ba3 O-O 14. Rc1 b6 15.
Ne5 Nxe5 16. fxe5 Bg5 17. Nf4 f5 18. Rc4 fxe4 19. b4 cxb4 20. Bxb4 Qxe5 21.
Bxf8 Bxf4 22. Qg4 g5 23. Be7 Bd7 24. dxe4 Bxh2+ 25. Kh1 Bf4 26. Qf3 Qg7 27. e5
Qh6+ 28. Qh3 Qxh3+ 29. gxh3 Bxd2 30. h4 Ra7 31. hxg5 Bxa4 32. Rxd4 Rxe7 33.
Rxd2 Rd7 34. Rd6 Rxd6 35. exd6 a5 36. Rc1 h6 37. Rc8+ Kg7 38. Rc7+ Kg6 39. d7
Bxd7 40. Rxd7 Kxg5 41. Rb7 e5 42. Rxb6 h5 43. Ra6 h4 44. Rxa5 Kf4 45. Kg2 e4
46. Ra8 Kg4 47. Rg8+ Kf4 48. Re8 e3 49. Re7 h3+ 50. Kxh3 Kf3 51. Rf7+ Ke4 52.
Kg3 e2 53. Re7+ Kd3 54. Kf3 e1=Q 55. Rxe1 Kd4 56. Rd1+ Kc4 57. Ke4 Kc5 58. Rc1+
Kd6 59. Rc3 Ke6 60. Rc6+ Kd7 61. Kd5 Ke7 62. Ke5 Kf7 63. Ra6 Ke7 64. Ra7+ Kd8
65. Ke6 Kc8 66. Kd6 Kb8 67. Rc7 Ka8 68. Kc6 Kb8 69. Kb6 Ka8 70. Rc8# {
Hossa checkmated} 1-0

[Event "ICS rated standard match"]
[Site "204.178.125.65"]
[Date "2000.06.18"]
[Round "?"]
[White "BoeserOnkel"]
[Black "Hossa"]
[Result "1-0"]
[WhiteElo "2550"]
[BlackElo "2236"]
[PlyCount "113"]
[EventDate "2000.??.??"]

1. e4 c5 2. Nf3 d6 3. d4 cxd4 4. Nxd4 Nf6 5. Nc3 a6 6. Bc4 b5 7. Bb3 e5 8. Nde2
Nbd7 9. Ng3 Nb6 10. Nh5 Nxh5 11. Qxh5 g6 12. Qe2 Be6 13. O-O Bg7 14. Rd1 O-O
15. Qd3 Nc8 16. Nd5 Qd7 17. a4 Rb8 18. Be3 Qb7 19. axb5 axb5 20. Ra5 Qd7 21.
Rda1 Rb7 22. c3 Rb8 23. f3 Bh8 24. Qd2 Bg7 25. Ra6 Re8 26. Qd3 Rf8 27. Ra8 Rb7
28. g4 Re8 29. g5 Rd8 30. R1a6 Bh8 31. Ba2 Bg7 32. Qd2 Rf8 33. Bb3 Bh8 34. f4
exf4 35. Bxf4 Bxd5 36. Bxd5 Rb6 37. Ra1 Qg4+ 38. Bg3 b4 39. c4 Be5 40. Qf2 Bxg3
41. hxg3 Qxg5 42. R1a7 Kg7 43. Rxc8 Ra6 44. Rxa6 Rxc8 45. Qxf7+ Kh6 46. Kg2 Qe5
47. Ra7 Rh8 48. Re7 Qg5 49. Qg7+ Kh5 50. Rf7 b3 51. Qxh8 h6 52. Rf1 Qe5 53. Qd8
Qxb2+ 54. Rf2 Qf6 55. Qxf6 g5 56. Qf3+ Kg6 57. Qf7# {Hossa checkmated} 1-0

[Event "ICS rated blitz match"]
[Site "204.178.125.65"]
[Date "2000.06.18"]
[Round "?"]
[White "Hossa"]
[Black "Amateur"]
[Result "0-1"]
[WhiteElo "2400"]
[BlackElo "2559"]
[PlyCount "170"]
[EventDate "2000.??.??"]

1. e4 c5 2. Nf3 Nc6 3. Bb5 Nf6 4. Nc3 a6 5. Be2 d5 6. exd5 Nxd5 7. O-O e5 8.
Qe1 Be6 9. d3 Ndb4 10. Bd1 Nd4 11. Nxd4 exd4 12. Ne2 Bd6 13. Nf4 Bxf4 14. Bxf4
O-O 15. Qe5 Qb6 16. Qd6 Nc6 17. b3 Rad8 18. Qc7 Qb4 19. a3 Qc3 20. Rc1 Rd7 21.
Qb6 Ne7 22. Qa7 Nc8 23. Qb8 Ne7 24. Qa7 Nd5 25. Bg5 Qa5 26. b4 cxb4 27. Qxd4
bxa3 28. Ra1 Nc3 29. Qh4 Nxd1 30. Rfxd1 Rc8 31. Rac1 a2 32. Qg3 Rd4 33. Bf4 Qf5
34. Be5 Rg4 35. Qe3 Bd5 36. Bg3 b5 37. Re1 Qe6 38. Qd2 Qc6 39. f3 Rg6 40. c4
bxc4 41. Qxa2 c3 42. Qa5 c2 43. Re2 Bb3 44. Qf5 Re6 45. Rd2 Qc3 46. Qf4 Rce8
47. d4 Re3 48. Rf2 Rd3 49. Re2 Rd1+ 50. Be1 Qc6 51. Re5 Rxe5 52. Qxe5 h5 53.
Rxc2 Qxc2 54. Qe8+ Kh7 55. Qe3 Qb2 56. Kf1 Bc4+ 57. Kg1 Qxd4 58. Qxd4 Rxd4 59.
Kf2 Rd5 60. h4 a5 61. g3 a4 62. g4 a3 63. Bc3 a2 64. Ba1 Rd1 65. Be5 hxg4 66.
fxg4 f6 67. Bc3 Kh6 68. Kg2 Be6 69. g5+ fxg5 70. hxg5+ Kg6 71. Kf2 a1=Q 72.
Bxa1 Rxa1 73. Ke3 Ra4 74. Kd3 Kxg5 75. Kc3 Kf4 76. Kd3 Ra3+ 77. Kd2 Ra2+ 78.
Kc3 g5 79. Kb4 g4 80. Kc5 Ke5 81. Kb5 g3 82. Kc6 g2 83. Kc7 g1=Q 84. Kd8 Ra7
85. Ke8 Qg8# {Hossa checkmated} 0-1

[Event "ICS Rated standard match"]
[Site "204.178.125.65"]
[Date "2000.06.18"]
[Round "?"]
[White "Hossa"]
[Black "Tinker"]
[Result "0-1"]
[WhiteElo "2231"]
[BlackElo "2321"]
[PlyCount "162"]
[EventDate "2000.??.??"]

1. e4 e5 2. Nf3 Nf6 3. Nxe5 d6 4. Nf3 Nxe4 5. Nc3 Nxc3 6. bxc3 Nc6 7. d4 Be7 8.
Bd3 O-O 9. O-O Bg4 10. Qe2 d5 11. Rb1 Rb8 12. h3 Be6 13. Qe3 Qd7 14. Re1 a6 15.
Qf4 Bd6 16. Qh4 Bf5 17. Qh5 Bxd3 18. cxd3 Rfe8 19. Rxe8+ Rxe8 20. Be3 Nd8 21.
Bd2 c6 22. Ng5 Qf5 23. Qf3 Qg6 24. h4 Bc7 25. Nh3 Qd6 26. Bf4 Qe7 27. Qe3 Qf8
28. Qd2 Bxf4 29. Nxf4 Qe7 30. g3 b5 31. Kf1 Rf8 32. Re1 Qd6 33. Kg1 Nb7 34. Qb2
Qc7 35. Qa3 a5 36. Qe7 Qc8 37. h5 h6 38. Re5 Rd8 39. a3 a4 40. Re1 Nd6 41. Qa7
Rd7 42. Qa5 Rb7 43. Re5 Rc7 44. Qb6 Qd7 45. Qc5 Ra7 46. Qb4 Ra8 47. Qb1 Qd8 48.
Qb2 Ra7 49. Qb4 Qd7 50. Qb1 Nf5 51. Qb2 Rb7 52. Re1 Qd8 53. Qb4 Nd6 54. Qc5 Qd7
55. Ng2 Rc7 56. Nh4 Nb7 57. Qb6 Nd6 58. Nf3 Rc8 59. Qc5 Qd8 60. Ne5 Nb7 61. Qa7
Qe7 62. c4 f6 63. Nf3 Qc7 64. Qa6 Nd6 65. Re6 Ne8 66. cxb5 cxb5 67. Qxb5 Qf7
68. Re1 Nd6 69. Qxa4 Qxh5 70. Qd7 Qxf3 71. Qxd6 Rc3 72. a4 Rxd3 73. Qb4 Qg4 74.
Qb8+ Kh7 75. Qb1 Qg6 76. Qb4 h5 77. Kh2 h4 78. gxh4 Qf5 79. Qb1 Qxf2+ 80. Kh1
Qxh4+ 81. Kg1 Qxd4+ {Hossa resigns} 0-1

[Event "ICS rated standard match"]
[Site "204.178.125.65"]
[Date "2000.06.18"]
[Round "?"]
[White "Tinker"]
[Black "Hossa"]
[Result "0-1"]
[WhiteElo "2333"]
[BlackElo "2219"]
[PlyCount "156"]
[EventDate "2000.??.??"]

1. e4 c5 2. Nf3 d6 3. Nc3 Nf6 4. Bc4 e6 5. O-O Be7 6. e5 dxe5 7. Nxe5 Nbd7 8.
Nxd7 Bxd7 9. d4 cxd4 10. Qxd4 O-O 11. Rd1 Bc6 12. Bf4 Qxd4 13. Rxd4 Bb4 14. Be5
Bxc3 15. bxc3 Nd7 16. Bd6 Rfc8 17. Bd3 Nb6 18. c4 Na4 19. Rg4 h5 20. Rg3 g6 21.
Be2 Be4 22. Rc1 Bf5 23. Rb3 Rc6 24. Be7 Rb8 25. Ra3 Nb6 26. c5 Nc8 27. Bf6 Rxc5
28. c4 Nd6 29. Be7 Rc6 30. c5 Ne8 31. Rxa7 Rc7 32. Bg5 f6 33. Bf4 e5 34. Be3
Ng7 35. a3 Ne6 36. Bc4 Kf8 37. Bd2 Nd4 38. Ba5 Rd7 39. Bb6 Rc8 40. Ra4 Be6 41.
Kf1 Bxc4+ 42. Raxc4 Nc6 43. R4c3 Ra8 44. Ke1 Ra4 45. Rb1 Kg7 46. h3 Rad4 47.
Rcb3 R4d5 48. a4 g5 49. a5 e4 50. Ra1 h4 51. Kf1 Rd1+ 52. Rxd1 Rxd1+ 53. Ke2
Rd7 54. Rb2 f5 55. Rd2 Rxd2+ 56. Kxd2 f4 57. Bc7 Kf6 58. Ke1 f3 59. gxf3 exf3
60. Kd2 Kf5 61. Kd3 g4 62. hxg4+ Kxg4 63. Ke4 h3 64. a6 bxa6 65. Kd5 Na7 66.
Kc4 Kf5 67. Kd5 a5 68. Bg3 a4 69. Kc4 Nc6 70. Kc3 Ne5 71. Kc2 Ke6 72. Bf4 Ng4
73. c6 h2 74. Bxh2 Nxh2 75. Kb2 Ng4 76. Kc3 Nxf2 77. Kc2 Kd6 78. Kc3 Ne4+ {
Tinker resigns} 0-1

[Event "ICS rated blitz match"]
[Site "204.178.125.65"]
[Date "2000.06.19"]
[Round "?"]
[White "Beadle"]
[Black "Hossa"]
[Result "1-0"]
[WhiteElo "2468"]
[BlackElo "2391"]
[PlyCount "87"]
[EventDate "2000.??.??"]

1. c4 e6 2. Nc3 d5 3. d4 Nf6 4. cxd5 exd5 5. Bg5 c6 6. Qc2 Nbd7 7. Nf3 Bb4 8.
e3 h6 9. Bh4 g5 10. Bg3 Ne4 11. Bd3 Nxg3 12. hxg3 g4 13. Nd2 Qf6 14. Rh5 Rg8
15. Rf5 Qg7 16. Ne2 Bd6 17. e4 Nb6 18. Rh5 Qg6 19. Rh1 dxe4 20. Nxe4 Bb4+ 21.
Kf1 Qg7 22. Nf4 Rh8 23. Rd1 Qxd4 24. Be2 Qe5 25. Rh5 Qg7 26. a4 f5 27. a5 fxe4
28. Qxe4+ Be7 29. axb6 Rf8 30. Re5 Rxf4 31. gxf4 axb6 32. Qd4 Kf8 33. Bc4 Qf6
34. Rde1 Bd8 35. f5 Be6 36. fxe6 b5 37. e7+ Bxe7 38. Rf5 bxc4 39. Rxf6+ Bxf6
40. Qxf6+ Kg8 41. Re7 Ra1+ 42. Ke2 Re1+ 43. Kxe1 b6 44. Qg7# {Hossa checkmated}
1-0

[Event "ICS rated blitz match"]
[Site "204.178.125.65"]
[Date "2000.06.19"]
[Round "?"]
[White "Amateur"]
[Black "Hossa"]
[Result "1-0"]
[WhiteElo "2508"]
[BlackElo "2378"]
[PlyCount "96"]
[EventDate "2000.??.??"]

1. e4 c5 2. c3 Nf6 3. e5 Nd5 4. Nf3 Nc6 5. Bc4 Nb6 6. Bb3 c4 7. Bc2 d6 8. exd6
Qxd6 9. O-O Bg4 10. h3 Bh5 11. Be4 O-O-O 12. Na3 Ne5 13. Nb5 Qb8 14. Qe2 Nd3
15. b3 a6 16. Qe3 Nd7 17. bxc4 Nxc1 18. Na7+ Kc7 19. Raxc1 Bxf3 20. Bxf3 Qa8
21. Rb1 Rb8 22. Bg4 e6 23. Qf4+ Bd6 24. Qxf7 Qxa7 25. Bxe6 Rbd8 26. Bd5 b6 27.
Qxg7 Be5 28. Qh6 Bf6 29. c5 bxc5 30. Rb7+ Qxb7 31. Bxb7 Kxb7 32. Qf4 Rc8 33.
Rb1+ Ka7 34. Qf5 Rc7 35. Re1 h6 36. Re6 Bg5 37. Qg6 Bxd2 38. Qd3 Bg5 39. f4 Bd8
40. Rd6 Nb6 41. Rxd8 Rhh7 42. f5 Kb7 43. f6 Rcf7 44. Rf8 c4 45. Qe4+ Ka7 46.
Rxf7+ Rxf7 47. Qe7+ Rxe7 48. fxe7 Kb7 {Hossa resigns} 1-0

[Event "ICS rated blitz match"]
[Site "204.178.125.65"]
[Date "2000.06.19"]
[Round "?"]
[White "QueenMaxima"]
[Black "Hossa"]
[Result "0-1"]
[WhiteElo "2464"]
[BlackElo "2373"]
[PlyCount "146"]
[EventDate "2000.??.??"]

1. e4 e5 2. Nf3 Nf6 3. Nc3 Bb4 4. Nxe5 d6 5. Nd3 Bxc3 6. dxc3 Nxe4 7. Be2 O-O
8. O-O Nc6 9. Re1 Re8 10. Be3 Bf5 11. Bf3 a5 12. Kh1 a4 13. a3 Qd7 14. Rc1 Re7
15. c4 Rae8 16. Qe2 Nf6 17. Qd2 Be4 18. Bxe4 Nxe4 19. Qe2 Nf6 20. Nb4 Nxb4 21.
axb4 Ng4 22. b5 Nxe3 23. fxe3 Qf5 24. Ra1 Rxe3 25. Qxe3 Rxe3 26. Rxe3 h6 27.
Rc3 a3 28. Rcxa3 Qxc2 29. b3 Kh7 30. h3 Kg6 31. R1a2 Qd1+ 32. Kh2 d5 33. Rf2 d4
34. g3 d3 35. h4 Qe1 36. Raa2 Qb1 37. Rab2 Qa1 38. Kg2 Qc1 39. Rbd2 Qc3 40. Rb2
h5 41. Kh2 Qe1 42. Kg2 Qe5 43. Kh3 Qe4 44. Kh2 b6 45. Ra2 Qe5 46. Kg2 Qc3 47.
Rab2 f6 48. Kh3 Qe1 49. Kg2 Qa1 50. Kf3 Qh1+ 51. Ke3 Qg1 52. Kf4 Qe1 53. Rfd2
f5 54. Kf3 Qe4+ 55. Kf2 f4 56. gxf4 Qxf4+ 57. Kg2 Qe4+ 58. Kg1 Kf5 59. Ra2 Kg4
60. Rg2+ Kxh4 61. Rh2+ Kg5 62. Rhf2 h4 63. Rad2 h3 64. Kh2 Kh4 65. Rf1 g5 66.
Rdf2 g4 67. Kg1 d2 68. Kh2 g3+ 69. Kg1 gxf2+ 70. Kxf2 Kg4 71. Rg1+ Kf4 72. Rg4+
Kxg4 73. b4 Qe1# 0-1

[Event "ICS rated blitz match"]
[Site "204.178.125.65"]
[Date "2000.06.19"]
[Round "?"]
[White "Hossa"]
[Black "PostModernist"]
[Result "0-1"]
[WhiteElo "2393"]
[BlackElo "2623"]
[PlyCount "99"]
[EventDate "2000.??.??"]

1. c4 e5 2. e3 Nf6 3. a3 g6 4. Nc3 Nc6 5. b4 Bg7 6. d3 d5 7. cxd5 Nxd5 8. Nxd5
Qxd5 9. Ne2 O-O 10. Nc3 Qd8 11. Bb2 a5 12. b5 Na7 13. Be2 Bd7 14. a4 c6 15.
bxc6 Nxc6 16. O-O Qh4 17. f4 exf4 18. Rxf4 Qh6 19. Rf3 Bg4 20. Rf2 Be6 21. Qc1
Rac8 22. Rb1 Rfd8 23. Qd2 Be5 24. g3 Nb4 25. Bf1 Nxd3 26. Bxd3 Bc4 27. Nd5 Rxd5
28. Bxe5 Bxd3 29. Rb6 Be4 30. Bd4 Rg5 31. Kf1 Rc2 32. Qxc2 Qh3+ 33. Ke1 Bxc2
34. Rxc2 Qd7 35. Rcb2 f6 36. Bxf6 Rc5 37. Bd4 Rc7 38. R2b5 Qg4 39. Kd2 Qh3 40.
Bc5 Qf5 41. g4 Qd5+ 42. Ke2 Rxc5 43. Rxc5 Qxc5 44. Rxb7 Qc2+ 45. Kf1 Qd1+ 46.
Kf2 Qd2+ 47. Kf1 Qxe3 48. Rb8+ Kg7 49. Rb7+ Kh6 50. g5+ {Hossa resigns} 0-1

[Event "ICS rated standard match"]
[Site "204.178.125.65"]
[Date "2000.06.19"]
[Round "?"]
[White "gambitmaster"]
[Black "Hossa"]
[Result "1-0"]
[WhiteElo "2416"]
[BlackElo "2250"]
[PlyCount "125"]
[EventDate "2000.??.??"]

1. d4 Nf6 2. c4 e6 3. Nf3 b6 4. g3 Ba6 5. b3 Bb7 6. Bg2 c5 7. O-O cxd4 8. Qxd4
Nc6 9. Qf4 Bc5 10. Bb2 d6 11. Bxf6 Qxf6 12. Qxf6 gxf6 13. Nc3 O-O-O 14. Rfd1
Bb4 15. Nb5 a6 16. a3 axb5 17. axb4 bxc4 18. bxc4 Nxb4 19. Rab1 Nc6 20. Rxb6
Kc7 21. Rdb1 Ba8 22. Nd2 Rdg8 23. Ra6 Rb8 24. Rb5 Rhf8 25. Nb3 Rfc8 26. e3 Kd7
27. Nd2 f5 28. f4 h6 29. Ra2 f6 30. Kf2 Kc7 31. Ra1 Kd7 32. Bxc6+ Kxc6 33. Nf3
e5 34. Nh4 Rxb5 35. cxb5+ Kxb5 36. Nxf5 Rc2+ 37. Kg1 Bf3 38. Nxd6+ Kb4 39. Ra7
Rg2+ 40. Kf1 exf4 41. gxf4 Rd2 42. Nf5 Bd5 43. h4 Be6 44. Nxh6 Rh2 45. Ra6 Rxh4
46. Rxe6 Rxh6 47. e4 Rh2 48. Rxf6 Kc5 49. e5 Kd5 50. e6 Kd6 51. f5 Ra2 52. Rf7
Ra1+ 53. Ke2 Ra2+ 54. Ke3 Ra1 55. e7 Kd7 56. f6 Rc1 57. Rf8 Ke6 58. e8=Q+ Kd5
59. Qd7+ Ke5 60. Re8+ Kxf6 61. Qe6+ Kg7 62. Rg8+ Kh7 63. Qg6# {Hossa checkmated
} 1-0

[Event "ICS Rated standard match"]
[Site "204.178.125.65"]
[Date "2000.06.19"]
[Round "?"]
[White "Hossa"]
[Black "Tinker"]
[Result "1/2-1/2"]
[WhiteElo "2241"]
[BlackElo "2318"]
[PlyCount "165"]
[EventDate "2000.??.??"]

1. e4 e5 2. Nf3 Nf6 3. Nc3 Nc6 4. d4 exd4 5. Nxd4 Nxd4 6. Qxd4 d6 7. Bg5 Be7 8.
O-O-O O-O 9. f3 Be6 10. Bb5 a6 11. Bc4 Qd7 12. e5 Ne8 13. Bf4 Bxc4 14. Qxc4 Qf5
15. Nd5 Bg5 16. exd6 Nxd6 17. Bxg5 Qxg5+ 18. f4 Nxc4 19. fxg5 c6 20. Ne7+ Kh8
21. Rd4 Ne5 22. Re1 Ng6 23. Rd7 Rab8 24. Nxg6+ fxg6 25. Ree7 Rf1+ 26. Kd2 Rf2+
27. Kc3 Rxg2 28. Rxb7 Rf8 29. Rb6 Rxg5 30. Rxa6 Rc5+ 31. Kd2 Kg8 32. Re2 Rd5+
33. Kc3 Rf3+ 34. Kc4 Rf4+ 35. Kb3 Rb5+ 36. Ka3 c5 37. Ra8+ Kf7 38. b3 Rb7 39.
Ra4 g5 40. Rxf4+ gxf4 41. Kb2 Kf6 42. Rd2 Rf7 43. Kc3 f3 44. Kd3 Kf5 45. Ke3
Kg4 46. c3 Re7+ 47. Kf2 Re6 48. b4 Rh6 49. Kg1 cxb4 50. cxb4 Kf4 51. Rc2 Ke3
52. a3 Ra6 53. Rc3+ Ke2 54. Rc2+ Kd3 55. Ra2 Rg6+ 56. Kh1 Rf6 57. Kg1 Kc3 58.
Kf2 Kb3 59. Ra1 g6 60. Kg3 f2 61. Rf1 Kxa3 62. Rxf2 Rxf2 63. Kxf2 Kxb4 64. Kg3
Kc5 65. Kg4 h6 66. h3 Kd5 67. Kf4 Kd4 68. Kf3 Kd5 69. Kf4 Ke6 70. Ke4 g5 71.
Kf3 h5 72. Ke2 Kf6 73. Kf2 Kg6 74. Kg3 Kf5 75. Kf3 Ke5 76. Ke3 Kd5 77. Kd3 Kd6
78. Kd2 Ke6 79. Ke2 Kf5 80. Kf3 Kf6 81. Kf2 Ke5 82. Ke3 Kf6 83. Kf2 1/2-1/2

[Event "ICS rated standard match"]
[Site "204.178.125.65"]
[Date "2000.06.19"]
[Round "?"]
[White "Tinker"]
[Black "Hossa"]
[Result "0-1"]
[WhiteElo "2315"]
[BlackElo "2244"]
[PlyCount "144"]
[EventDate "2000.??.??"]

1. e4 e5 2. Nf3 Nf6 3. Nc3 Nc6 4. Bb5 Bb4 5. Nd5 Nxd5 6. exd5 e4 7. dxc6 bxc6
8. Bf1 exf3 9. Qxf3 O-O 10. Be2 Re8 11. O-O d5 12. d3 Bd6 13. Re1 Qh4 14. h3
Qa4 15. c3 Qc2 16. Kf1 Ba6 17. Rd1 Rab8 18. Rd2 Qa4 19. g3 Re7 20. b3 Qa5 21.
b4 Qa4 22. a3 Rbe8 23. Bb2 Bc8 24. g4 g5 25. Qf6 Re6 26. Qxg5+ Rg6 27. Qh4 Bf4
28. Bd1 Qa6 29. b5 Qxb5 30. c4 dxc4 31. dxc4 Qxc4+ 32. Be2 Qe6 33. Rad1 Rh6 34.
Qd8 Bxd2 35. Qxd2 Qe4 36. Kg1 Rd6 37. Qc3 Rxd1+ 38. Bxd1 Qe1+ 39. Kg2 Qxc3 40.
Bxc3 c5 41. Kg3 Ba6 42. g5 Rd8 43. Bc2 Bd3 44. Bf6 Rd6 45. Ba4 Ra6 46. Bd7 Rxa3
47. Kh4 c4 48. Be7 Ra2 49. Bb4 Rxf2 50. Bc5 Ra2 51. Bd4 Be2 52. Bf5 Ra3 53. Bb2
Rf3 54. Bc2 Bf1 55. Be5 Rxh3+ 56. Kg4 h5+ 57. gxh6 Rxh6 58. Bc3 Bd3 59. Bd1 f6
60. Bf3 Kf7 61. Bb4 Ke6 62. Kf4 f5 63. Kg5 Rh3 64. Bb7 Rg3+ 65. Kf4 Rg4+ 66.
Ke3 Be4 67. Bc8+ Kd5 68. Kf2 Kd4 69. Kf1 c3 70. Ba3 c2 71. Bb2+ Kd3 72. Bc1 c5
{Tinker resigns} 0-1

[Event "ICS rated standard match"]
[Site "204.178.125.65"]
[Date "2000.06.19"]
[Round "?"]
[White "Hossa"]
[Black "Beadle"]
[Result "1/2-1/2"]
[WhiteElo "2263"]
[BlackElo "2383"]
[PlyCount "165"]
[EventDate "2000.??.??"]

1. e4 c5 2. Nf3 d6 3. d4 cxd4 4. Nxd4 Nf6 5. Nc3 g6 6. Be2 Bg7 7. Be3 Nc6 8.
O-O O-O 9. Qd2 Ng4 10. Nxc6 bxc6 11. Bxg4 Bxg4 12. Rab1 Be6 13. Bh6 Bxh6 14.
Qxh6 Rb8 15. Rfe1 Qb6 16. a4 Qd4 17. Red1 Qc5 18. Rd3 f5 19. Rh3 Rf7 20. Qe3
Qa5 21. Rf3 Rb4 22. b3 fxe4 23. Rxf7 Bxf7 24. Nxe4 Qxa4 25. Nc3 Qa5 26. Qxe7
Qc5 27. Qf6 Qd4 28. Qxd4 Rxd4 29. Ra1 Rd2 30. Rc1 Bd5 31. Kf1 a5 32. Ke1 Rd4
33. f3 Be6 34. g4 h5 35. gxh5 gxh5 36. Ne4 Bf5 37. Nf6+ Kf7 38. Nxh5 Rh4 39.
Ng3 Ke6 40. Nf1 Bh3 41. Ne3 Bf5 42. Kf1 Rxh2 43. Re1 Rh1+ 44. Kf2 Rxe1 45. Kxe1
d5 46. Kd2 Bg6 47. Ng2 Ke5 48. Ne1 Kf4 49. Ke2 c5 50. Nd3+ Bxd3+ 51. cxd3 Ke5
52. Ke3 d4+ 53. Ke2 Kf4 54. Kf2 Kg5 55. Ke2 Kf5 56. Ke1 Ke6 57. Kd1 Kf6 58. Kd2
Kf7 59. Ke2 Ke7 60. f4 Kf6 61. Kf2 Ke6 62. Kg3 Kf6 63. Kg4 Ke6 64. f5+ Ke5 65.
Kg5 a4 66. bxa4 c4 67. dxc4 d3 68. f6 d2 69. f7 d1=Q 70. f8=Q Qc1+ 71. Kg6 Qxc4
72. Qf5+ Kd4 73. a5 Kc3 74. Qf6+ Kb4 75. a6 Qg8+ 76. Kh6 Ka5 77. a7 Qa8 78.
Qa1+ Kb6 79. Qd4+ Kb7 80. Qd7+ Kb6 81. Qd4+ Kb7 82. Qd7+ Kb6 83. Qd4+ 1/2-1/2

[Event "ICS Rated standard match"]
[Site "204.178.125.65"]
[Date "2000.06.19"]
[Round "?"]
[White "Tinker"]
[Black "Hossa"]
[Result "0-1"]
[WhiteElo "2296"]
[BlackElo "2268"]
[PlyCount "162"]
[EventDate "2000.??.??"]

1. e4 e5 2. Nf3 Nf6 3. Nc3 Nc6 4. d4 exd4 5. Nxd4 Nxd4 6. Qxd4 d6 7. Bd2 Be7 8.
O-O-O O-O 9. Bd3 Ng4 10. f4 Nf6 11. Nd5 Nxd5 12. exd5 Re8 13. Qe4 f5 14. Qf3
Bd7 15. Qh3 g6 16. Rhe1 Bf6 17. Bf1 Bg7 18. Qb3 b6 19. Bb5 Re4 20. Rxe4 fxe4
21. Re1 Bxb5 22. Qxb5 Qe7 23. Qa4 Re8 24. g4 a5 25. Kb1 Kf8 26. g5 Kg8 27. Kc1
Kh8 28. h4 Kg8 29. h5 gxh5 30. f5 Qf7 31. f6 Bf8 32. Bf4 e3 33. Bxe3 Re5 34.
Qf4 Qxd5 35. Kb1 Qe6 36. b3 c5 37. Kc1 b5 38. Qf2 d5 39. Bd2 Rxe1+ 40. Bxe1 Kf7
41. Bxa5 Qe5 42. Qh4 Kg6 43. Kb1 b4 44. Bd8 Bd6 45. Qf2 Qxg5 46. Qe2 Qg1+ 47.
Kb2 Qd4+ 48. Kb1 Qe4 49. Qf1 Qf4 50. Qd3+ Qf5 51. Qe2 Qe5 52. Qf1 Kf7 53. Qh1
Qg5 54. Qe1 Qg3 55. Qd1 Ke8 56. Bb6 Qg5 57. Qe1+ Kd7 58. Qf1 Ke6 59. Bd8 Qg8
60. Qe2+ Kd7 61. Be7 Qg1+ 62. Kb2 Qd4+ 63. Kb1 Be5 64. c3 Qxc3 65. Bxc5 Qa1+
66. Kc2 Qxa2+ 67. Kd1 Qxb3+ 68. Ke1 Qb1+ 69. Kf2 Qf5+ 70. Kg2 Qg5+ 71. Kh1 Qxf6
72. Qxh5 Kc6 73. Ba7 Bc7 74. Qe8+ Kb7 75. Qb5+ Kxa7 76. Qa4+ Qa6 77. Qd1 Qh6+
78. Kg2 Qh2+ 79. Kf1 Qh1+ 80. Ke2 Qh5+ 81. Kd2 Bf4+ {Tinker resigns} 0-1

[Event "ICS rated standard match"]
[Site "204.178.125.65"]
[Date "2000.06.19"]
[Round "?"]
[White "Hossa"]
[Black "QueenMaxima"]
[Result "0-1"]
[WhiteElo "2285"]
[BlackElo "2396"]
[PlyCount "91"]
[EventDate "2000.??.??"]

1. e4 e5 2. Nf3 Nc6 3. Bc4 Nf6 4. Ng5 d5 5. exd5 b5 6. Bxb5 Qxd5 7. Qe2 Qxg2 8.
Qxe5+ Be7 9. Bxc6+ Qxc6 10. O-O Bb7 11. f3 h6 12. Nh3 Qxc2 13. Nc3 Qg6+ 14. Kh1
Qd3 15. Qb5+ Qxb5 16. Nxb5 Nd5 17. d4 a6 18. Nc3 O-O-O 19. Nxd5 Rxd5 20. Be3
Re8 21. Kg2 Bh4 22. Bf2 Re2 23. Kg1 Bf6 24. b4 Rxd4 25. Rae1 Bxf3 26. Rxe2 Rg4+
27. Bg3 Bxe2 28. Re1 Bb5 29. a3 h5 30. Kf2 Bd4+ 31. Kf3 Bc6+ 32. Ke2 h4 33. Nf2
Rg6 34. Bxh4 Re6+ 35. Kd2 Bc3+ 36. Kxc3 Rxe1 37. Nd3 Re2 38. Bg3 Ra2 39. Kb3
Bd5+ 40. Ka4 g5 41. Nc5 f5 42. Nxa6 f4 43. b5 fxg3 44. hxg3 Rg2 45. Ka5 Rxg3
46. a4 {Hossa resigns} 0-1

[Event "ICS rated blitz match"]
[Site "204.178.125.65"]
[Date "2000.06.19"]
[Round "?"]
[White "Amateur"]
[Black "Hossa"]
[Result "1-0"]
[WhiteElo "2477"]
[BlackElo "2386"]
[PlyCount "115"]
[EventDate "2000.??.??"]

1. Nf3 Nf6 2. c4 e6 3. d4 d5 4. Nc3 Bb4 5. Bg5 dxc4 6. e4 h6 7. Bxf6 Qxf6 8.
Bxc4 O-O 9. O-O Rd8 10. Qa4 c5 11. Nb5 Nc6 12. a3 Ba5 13. d5 exd5 14. exd5 a6
15. dxc6 axb5 16. Qxb5 bxc6 17. Qxc5 Qxb2 18. Bxf7+ Kxf7 19. Ne5+ Kg8 20. Qc4+
Kh7 21. Qe4+ Kg8 22. Nxc6 Ba6 23. Nxd8 Bxf1 24. Qd5+ Kh7 25. Rxf1 Rxd8 26. Qf5+
g6 27. Qxa5 Rd7 28. Re1 Rf7 29. f3 Qd4+ 30. Kh1 Qf2 31. a4 Qd4 32. Qb5 Ra7 33.
h3 Qd6 34. a5 Qd2 35. Ra1 Re7 36. a6 Qc3 37. Rd1 Kg7 38. Rd7 Rxd7 39. Qxd7+ Kf8
40. Qd6+ Kf7 41. f4 g5 42. Kh2 Qa1 43. Qd7+ Kf6 44. a7 gxf4 45. Qd8+ Kf7 46.
a8=Q Qxa8 47. Qxa8 Kg7 48. h4 h5 49. Qf3 Kf6 50. Qxf4+ Ke6 51. g4 Kd5 52. gxh5
Kc5 53. h6 Kc6 54. h7 Kb6 55. h8=Q Kc6 56. Qc8+ Kb6 57. Qcc7+ Kb5 58. Qfc4# {
Hossa checkmated} 1-0

[Event "ICS rated standard match"]
[Site "204.178.125.65"]
[Date "2000.06.19"]
[Round "?"]
[White "PostModernist"]
[Black "Hossa"]
[Result "1-0"]
[WhiteElo "2398"]
[BlackElo "2274"]
[PlyCount "125"]
[EventDate "2000.??.??"]

1. d4 e6 2. Nf3 d5 3. g3 c5 4. c3 cxd4 5. Nxd4 Nf6 6. Bg2 e5 7. Nc2 Bc5 8. O-O
Nc6 9. Bg5 Be6 10. b4 Be7 11. b5 Na5 12. Ne3 Ng8 13. Bxe7 Nxe7 14. Na3 O-O 15.
Qd3 Rc8 16. Rfd1 Qd6 17. Nac2 Rfd8 18. Rab1 Rc5 19. Nb4 Qc7 20. Rbc1 Rd7 21.
Rc2 Qb6 22. a4 Nb3 23. Rb2 d4 24. cxd4 Rxd4 25. Rxb3 Rxd3 26. Rbxd3 Rc8 27.
Bxb7 Rf8 28. Bd5 Qa5 29. Bxe6 Qxb4 30. Bb3 Nc8 31. Nc2 Qa5 32. Re3 Qc7 33. Nb4
Nb6 34. Na6 Qe7 35. Rc1 Na8 36. Rc5 e4 37. f3 Qf6 38. Rxe4 Qa1+ 39. Kg2 Qb2 40.
Re3 h6 41. Rc6 Rd8 42. Nc5 Nb6 43. Rc7 Qc1 44. Ree7 Rd2 45. Bxf7+ Kh7 46. Re8
Rxe2+ 47. Rxe2 Qd1 48. Ra2 Nd5 49. Bxd5 Qxd5 50. Rc2 Qd1 51. Ne6 Kh8 52. Nxg7
Qb1 53. Re2 Qh7 54. Re8+ Qg8 55. Rxg8+ Kxg8 56. Rxa7 h5 57. b6 Kh7 58. b7 h4
59. b8=Q h3+ 60. Kxh3 Kg6 61. Qe8+ Kf6 62. Qe6+ Kg5 63. f4# {Hossa checkmated}
1-0